000 00782nam a2200241 a 4500
001 BRL_1507
005 20190320211235.0
008 100214c1959----mx-a######---#000-0#spa-#
041 _aspa
044 _amx
050 4 _aNK4714
_b.C37 1959
100 1 _aCarrillo y Gariel, Abelardo
_91363
245 1 0 _aEl traje en la Nueva España
_cAbelardo Carrillo y Gariel.
260 _aMéxico
_bINAH, Dirección de Monumentos Coloniales
_c1959
300 _a207 p.
_bil., láminas
_c23 cm.
440 0 _aINAH. Dirección de monumentos coloniales Publicaciones
_v7
_927125
500 _aEstado físico: Lomo desprendido y desgarrado
500 _aAu1654
650 1 4 _aIndumentaria
_zMéxico
_9808
651 4 _aMéxico
_xVida social y costumbres
_9769
902 _aGRL
942 _2lcc
_cB
999 _c10317
_d10317